[Event "6MCR_4D_1L_3S"]
[Site "?"]
[Date "2004.??.??"]
[Round "?"]
[White "Jandovsky, Viktor"]
[Black "Prchly, Milos"]
[Result "1/2-1/2"]
[WhiteElo "2259"]
[BlackElo "2268"]
[PlyCount "83"]
[EventDate "2004.??.??"]
[EventType "corr"]
[SourceDate "2004.06.03"]

1. e4 e5 2. Nf3 Nf6 3. Nxe5 d6 4. Nf3 Nxe4 5. d4 d5 6. Bd3 Nc6 7. O-O Be7 8. c4
Nb4 9. Be2 O-O 10. Nc3 Be6 11. Ne5 f6 12. Nf3 c5 13. Be3 f5 14. dxc5 dxc4 15.
Nd4 Bd5 16. Nxd5 Qxd5 17. Rc1 Nd3 18. b3 Rad8 19. Rxc4 f4 20. Qxd3 fxe3 21.
fxe3 Rxf1+ 22. Kxf1 Rf8+ 23. Bf3 Nxc5 24. Qe2 Qe5 25. Kg1 a5 26. g3 Bg5 27. Kg2
Re8 28. e4 Be7 29. Nf5 Bf8 30. Qd2 b6 31. Qd5+ Qxd5 32. exd5 Nd3 33. Bg4 Bc5
34. Nd4 Ne5 35. Be6+ Kh8 36. Ra4 Rf8 37. a3 g6 38. h4 h5 39. Bh3 Rd8 40. Be6
Rf8 41. Bh3 Rd8 42. Be6 1/2-1/2

[Event "6MCR_4D_1L_3S"]
[Site "?"]
[Date "2004.??.??"]
[Round "?"]
[White "Jandovsky, Viktor"]
[Black "Skalicky, Frantisek"]
[Result "1/2-1/2"]
[WhiteElo "2259"]
[BlackElo "2278"]
[PlyCount "83"]
[EventDate "2004.??.??"]
[EventType "corr"]
[SourceDate "2004.06.03"]

1. e4 c5 2. Nf3 Nc6 3. d4 cxd4 4. Nxd4 Nf6 5. Nc3 e5 6. Ndb5 d6 7. Bg5 a6 8.
Na3 b5 9. Bxf6 gxf6 10. Nd5 Bg7 11. c3 f5 12. exf5 Bxf5 13. Nc2 O-O 14. Nce3
Be6 15. Bd3 Ne7 16. Qh5 h6 17. Nxe7+ Qxe7 18. Be4 Rac8 19. Rd1 b4 20. c4 Bxc4
21. Nf5 Qf6 22. Rxd6 Be6 23. O-O a5 24. Ra6 Rc4 25. Bd3 Rf4 26. Nxg7 Kxg7 27.
Rxa5 Rd8 28. g3 Rg4 29. Bb1 Rgd4 30. Bc2 Rd2 31. Bb3 Bxb3 32. axb3 e4 33. Rb5
R8d4 34. Qc5 Qg5 35. Qc6 Qd8 36. Qc5 Rd1 37. Qe5+ Qf6 38. Qxf6+ Kxf6 39. Rxd1
Rxd1+ 40. Kg2 Rd4 41. Kf1 Kg6 42. Ke2 1/2-1/2

[Event "6MCR_4D_1L_3S"]
[Site "?"]
[Date "2004.??.??"]
[Round "?"]
[White "Janecek, Josef"]
[Black "Jandovsky, Viktor"]
[Result "0-1"]
[WhiteElo "2195"]
[BlackElo "2259"]
[PlyCount "136"]
[EventDate "2004.??.??"]
[EventType "corr"]
[SourceDate "2004.06.03"]

1. e4 c5 2. Nf3 d6 3. d4 cxd4 4. Nxd4 Nf6 5. Nc3 a6 6. Bc4 e6 7. Bb3 b5 8. Bg5
Be7 9. Qf3 Qc7 10. O-O-O Nbd7 11. e5 Bb7 12. Qg3 Nxe5 13. Bxe6 Nh5 14. Qh4 fxe6
15. Qxh5+ g6 16. Qh4 Bxg5+ 17. Qxg5 Qe7 18. Qg3 b4 19. f4 bxc3 20. fxe5 cxb2+
21. Kxb2 dxe5 22. Qxe5 O-O 23. Qxe6+ Qxe6 24. Nxe6 Rf2 25. Rhe1 Bxg2 26. Kc1
Rc8 27. Rd2 Rxd2 28. Kxd2 Rc4 29. Re2 Bh3 30. Ng5 Bf5 31. Kc1 Kg7 32. Nf3 Kf6
33. Kb2 g5 34. Kb3 Rf4 35. Nd2 h5 36. c4 g4 37. Kc3 h4 38. c5 Bd7 39. Ne4+ Ke5
40. Ng3+ Kd5 41. Rd2+ Kc6 42. Ne2 Rf6 43. Kc4 Kc7 44. Nd4 Rg6 45. Kd5 Rg5+ 46.
Kc4 g3 47. hxg3 hxg3 48. Rg2 Bc6 49. Nxc6 Kxc6 50. Kd4 a5 51. Ke3 Kxc5 52. Ke2
Kb4 53. Kd2 a4 54. Kd3 a3 55. Kd4 Rg8 56. Kd3 Rg4 57. Kd2 Kc4 58. Ke3 Kc3 59.
Kf3 Rg7 60. Ke4 Rg8 61. Ke5 Kd3 62. Kf4 Rg7 63. Kf3 Rf7+ 64. Kg4 Kc3 65. Rxg3+
Kb2 66. Rg2+ Kb1 67. Re2 Rb7 68. Kf3 Rb2 0-1

[Event "6MCR_4D_1L_3S"]
[Site "?"]
[Date "2004.??.??"]
[Round "?"]
[White "Janecek, Josef"]
[Black "Kolarik, Jiri"]
[Result "1/2-1/2"]
[WhiteElo "2195"]
[BlackElo "2342"]
[PlyCount "94"]
[EventDate "2004.??.??"]
[EventType "corr"]
[SourceDate "2004.06.03"]

1. e4 c6 2. d4 d5 3. exd5 cxd5 4. c4 Nf6 5. Nc3 Nc6 6. Bg5 dxc4 7. d5 Ne5 8.
Qd4 Nfd7 9. Bf4 Qc7 10. O-O-O a6 11. Re1 f6 12. Nf3 Nxf3 13. gxf3 Qc5 14. Qe4
g6 15. Bxc4 Nb6 16. Bb3 Bf5 17. Qe3 Qxe3+ 18. fxe3 Rc8 19. e4 Bh3 20. Kb1 Nc4
21. Re2 g5 22. Bxc4 Rxc4 23. Be3 Kf7 24. Rc1 e5 25. Rec2 Bd7 26. a3 Bd6 27. b3
Rcc8 28. b4 Rhg8 29. Ne2 Rxc2 30. Kxc2 h5 31. Bc5 Bb8 32. Rg1 Bc7 33. Kd3 h4
34. Nc3 Rc8 35. Rb1 h3 36. a4 Ke8 37. Rc1 Bd8 38. Ra1 b6 39. Be3 Be7 40. b5 Bb4
41. Rc1 axb5 42. Nxb5 Rxc1 43. Bxc1 Be1 44. Be3 Bg3 45. Bg1 Bf4 46. Kc4 Ke7 47.
Nc3 Bd2 1/2-1/2

[Event "6MCR_4D_1L_3S"]
[Site "?"]
[Date "2004.??.??"]
[Round "?"]
[White "Janecek, Josef"]
[Black "Musil, Martin"]
[Result "1/2-1/2"]
[WhiteElo "2195"]
[BlackElo "2123"]
[PlyCount "58"]
[EventDate "2004.??.??"]
[EventType "corr"]
[SourceDate "2004.06.03"]

1. e4 e6 2. d4 d5 3. e5 c5 4. c3 Nc6 5. Nf3 Bd7 6. Be2 Nge7 7. Na3 cxd4 8. Nb5
Ng6 9. cxd4 Rc8 10. O-O Be7 11. Nc3 O-O 12. Be3 Qb6 13. Na4 Qa5 14. Bd2 Qd8 15.
Bd3 Qe8 16. Nc3 f6 17. exf6 Rxf6 18. Re1 Nf4 19. Bb5 Qg6 20. Bxf4 Rxf4 21. Bxc6
Bxc6 22. Qe2 Rf6 23. Ne5 Qg5 24. Qe3 Qh5 25. Qe2 Qf5 26. Ng4 Rg6 27. Ne5 Rf6
28. Ng4 Rg6 29. Ne5 Rf6 1/2-1/2

[Event "6MCR_4D_1L_3S"]
[Site "?"]
[Date "2004.??.??"]
[Round "?"]
[White "Janecek, Josef"]
[Black "Prchly, Milos"]
[Result "1/2-1/2"]
[WhiteElo "2195"]
[BlackElo "2268"]
[PlyCount "90"]
[EventDate "2004.??.??"]
[EventType "corr"]
[SourceDate "2004.06.03"]

1. e4 c5 2. Nf3 d6 3. d4 cxd4 4. Nxd4 Nf6 5. Nc3 g6 6. Be3 Bg7 7. f3 O-O 8. Qd2
Nc6 9. Bc4 Bd7 10. O-O-O Rc8 11. Bb3 Ne5 12. h4 h5 13. Bh6 Bxh6 14. Qxh6 Rxc3
15. bxc3 Qa5 16. Kb1 Rc8 17. g4 Nc4 18. Rd3 hxg4 19. h5 g5 20. Nf5 Bxf5 21.
Qxg5+ Kh7 22. Qxf5+ Qxf5 23. exf5 Ne5 24. fxg4 Kh6 25. Rg3 Kg5 26. Rhg1 Rf8 27.
Kc1 b6 28. R3g2 b5 29. a3 a6 30. Kd1 Rc8 31. Rh1 Rh8 32. Ke2 d5 33. h6 e6 34.
fxe6 fxe6 35. a4 Rh7 36. axb5 axb5 37. Ke3 Ng6 38. Kd4 Nf4 39. Rgg1 Ne2+ 40.
Ke5 Nxg1 41. Rxg1 Rxh6 42. Kxe6 Rh3 43. Rf1 Re3+ 44. Kd6 Rxc3 45. Rf5+ Kg6
1/2-1/2

[Event "6MCR_4D_1L_3S"]
[Site "?"]
[Date "2004.??.??"]
[Round "?"]
[White "Janecek, Josef"]
[Black "Skalicky, Frantisek"]
[Result "1/2-1/2"]
[WhiteElo "2195"]
[BlackElo "2278"]
[PlyCount "98"]
[EventDate "2004.??.??"]
[EventType "corr"]
[SourceDate "2004.06.03"]

1. e4 c5 2. Nf3 Nc6 3. Bb5 g6 4. O-O Bg7 5. Re1 e5 6. Bxc6 dxc6 7. d3 Qe7 8. h3
Nf6 9. a4 O-O 10. a5 Ne8 11. Be3 Nc7 12. Na3 f6 13. Qd2 Ne6 14. c3 Rd8 15. Nc4
Nc7 16. b3 Be6 17. Red1 Rd7 18. Qc2 Rad8 19. Nb2 Qf7 20. Nd2 Qf8 21. Ndc4 f5
22. exf5 gxf5 23. Na4 Na6 24. f4 exf4 25. Bxf4 Qf6 26. Ne5 Rd5 27. Nf3 h6 28.
Kh1 Bf7 29. d4 cxd4 30. Rxd4 Rxd4 31. cxd4 Bd5 32. Be5 Qf7 33. Qf2 Nb4 34. Qg3
Bxb3 35. Nc5 Bd5 36. Re1 f4 37. Bxf4 Bxf3 38. gxf3 Nc2 39. Rg1 Nxd4 40. Be5 Nf5
41. Qf4 Re8 42. Ne4 Re6 43. Nd6 Rxd6 44. Bxd6 Nxd6 45. Qxd6 Qxf3+ 46. Kh2 Kh8
47. Rg2 Qf5 48. Qb8+ Kh7 49. Qxb7 Qe5+ 1/2-1/2

[Event "6MCR_4D_1L_3S"]
[Site "?"]
[Date "2004.??.??"]
[Round "?"]
[White "Kolarik, Jiri"]
[Black "Kovar, Jan"]
[Result "1/2-1/2"]
[WhiteElo "2342"]
[BlackElo "2225"]
[PlyCount "89"]
[EventDate "2004.??.??"]
[EventType "corr"]
[SourceDate "2004.06.03"]

1. Nf3 d5 2. d4 Nf6 3. e3 Bf5 4. c4 c6 5. Nc3 e6 6. Nh4 Be4 7. f3 Bg6 8. Qb3
Qc7 9. Bd2 Nbd7 10. cxd5 Nxd5 11. e4 N5b6 12. O-O-O Bd6 13. Kb1 e5 14. dxe5
Bxe5 15. Be3 Rd8 16. Nxg6 hxg6 17. Ne2 Rxh2 18. Rxh2 Bxh2 19. Bg5 f6 20. Be3
Bd6 21. g3 Nf8 22. Bf2 Qf7 23. Qc2 Bc7 24. Bh3 Rxd1+ 25. Qxd1 Qc4 26. Nc1 Qb4
27. Nd3 Qb5 28. b3 Nbd7 29. a4 Qh5 30. Bg4 Qh2 31. Bxa7 Qxg3 32. Be3 g5 33. b4
Ne5 34. Nxe5 Qxe5 35. Qc2 Qe7 36. Qb3 Bd6 37. b5 Bc5 38. bxc6 bxc6 39. Bd2 Nd7
40. Bc3 Qd6 41. Qg8+ Nf8 42. Qc4 Nd7 43. Kc2 Ne5 44. Qg8+ Qf8 45. Qb3 1/2-1/2

[Event "6MCR_4D_1L_3S"]
[Site "?"]
[Date "2004.??.??"]
[Round "?"]
[White "Kolarik, Jiri"]
[Black "Kuta, Miroslav"]
[Result "1/2-1/2"]
[WhiteElo "2342"]
[BlackElo "2223"]
[PlyCount "77"]
[EventDate "2004.??.??"]
[EventType "corr"]
[SourceDate "2004.06.03"]

1. Nf3 Nf6 2. g3 d5 3. Bg2 c6 4. O-O Bg4 5. d3 Nbd7 6. Nbd2 e5 7. e4 dxe4 8.
dxe4 Bc5 9. h3 Bh5 10. Qe1 O-O 11. Nc4 Re8 12. b4 Bf8 13. Nh4 b5 14. Na5 c5 15.
c3 Qc7 16. Be3 Rac8 17. a4 a6 18. g4 Bg6 19. Nxg6 hxg6 20. axb5 axb5 21. c4 Rb8
22. Qe2 bxc4 23. Rfc1 Rxb4 24. Bd2 Rbb8 25. Nxc4 Nb6 26. Ba5 Nfd7 27. Rcb1 Re6
28. Bf1 Qc8 29. Qc2 Be7 30. Ra2 Bd8 31. Bc3 Ra8 32. Rxa8 Qxa8 33. Rb5 Bc7 34.
Bd2 Bd8 35. Be3 Be7 36. Ra5 Qb8 37. Qa2 Rc6 38. g5 Qd8 39. h4 1/2-1/2

[Event "6MCR_4D_1L_3S"]
[Site "?"]
[Date "2004.??.??"]
[Round "?"]
[White "Kolarik, Jiri"]
[Black "Musil, Martin"]
[Result "1-0"]
[WhiteElo "2342"]
[BlackElo "2123"]
[PlyCount "69"]
[EventDate "2004.??.??"]
[EventType "corr"]
[SourceDate "2004.06.03"]

1. e4 e6 2. d4 d5 3. Nc3 Nf6 4. Bg5 dxe4 5. Nxe4 Be7 6. Bxf6 gxf6 7. Nf3 b6 8.
Bc4 Bb7 9. Qe2 c6 10. O-O Nd7 11. Nh4 Nf8 12. Qh5 Rg8 13. Rad1 Qc7 14. Rfe1 Qf4
15. Nf5 Rg6 16. Nxe7 Kxe7 17. g3 Qg4 18. Nxf6 Qxh5 19. Nxh5 Rd8 20. c3 Kd6 21.
Nf4 Rg7 22. Nd3 Ng6 23. Kf1 Ne7 24. Ne5 Nd5 25. a3 f6 26. Nf3 Nc7 27. Nd2 Rgd7
28. b4 Nd5 29. Ne4+ Ke7 30. Rd3 Rg8 31. f4 Bc8 32. Kf2 Rdd8 33. a4 Rg7 34. Rf3
Rg6 35. a5 1-0

[Event "6MCR_4D_1L_3S"]
[Site "?"]
[Date "2004.??.??"]
[Round "?"]
[White "Kolarik, Jiri"]
[Black "Polak, Petr"]
[Result "1/2-1/2"]
[WhiteElo "2342"]
[BlackElo "2142"]
[PlyCount "64"]
[EventDate "2004.??.??"]
[EventType "corr"]
[SourceDate "2004.06.03"]

1. e4 c5 2. Nf3 d6 3. d4 cxd4 4. Qxd4 Nc6 5. Bb5 Bd7 6. Bxc6 Bxc6 7. Nc3 Nf6 8.
O-O e6 9. Re1 Be7 10. Bg5 O-O 11. Rad1 Qa5 12. Qd2 Qb6 13. Qc1 Rfd8 14. Nd4 h6
15. Bh4 Rac8 16. Rd3 Bd7 17. Nb3 a5 18. a3 a4 19. Nd4 Rc4 20. Qd2 Rdc8 21. b3
axb3 22. cxb3 R4c5 23. a4 Kh7 24. h3 g5 25. Bg3 Qb4 26. Nde2 Nxe4 27. Nxe4 Qxe4
28. f3 Qg6 29. Bxd6 Bxd6 30. Rxd6 Bc6 31. Nd4 Bd5 32. Rd7 Kg8 1/2-1/2

[Event "6MCR_4D_1L_3S"]
[Site "?"]
[Date "2004.??.??"]
[Round "?"]
[White "Kolarik, Jiri"]
[Black "Sedlacek, Tomas"]
[Result "1/2-1/2"]
[WhiteElo "2342"]
[BlackElo "2205"]
[PlyCount "70"]
[EventDate "2004.??.??"]
[EventType "corr"]
[SourceDate "2004.06.03"]

1. e4 e6 2. d4 d5 3. Nc3 Nf6 4. Bg5 Be7 5. e5 Nfd7 6. Bxe7 Qxe7 7. f4 a6 8. Nf3
c5 9. dxc5 Nc6 10. Bd3 Qxc5 11. Qd2 b5 12. Ne2 b4 13. a3 Qb6 14. axb4 Nxb4 15.
Ned4 Nxd3+ 16. cxd3 O-O 17. Ra3 Nc5 18. O-O Bd7 19. b4 Nb7 20. Rfa1 Rfb8 21.
Rb3 Nd8 22. Qf2 Nc6 23. Nc2 Qc7 24. Rab1 Rb6 25. Qe1 Rab8 26. Nfd4 Nxd4 27.
Nxd4 Qa7 28. Kh1 R6b7 29. Qc3 Rc8 30. Qa1 Rbc7 31. Ra3 Qb6 32. h3 Bb5 33. Qb2
Bd7 34. Rba1 Bb5 35. Kh2 h6 1/2-1/2

[Event "6MCR_4D_1L_3S"]
[Site "?"]
[Date "2004.??.??"]
[Round "?"]
[White "Kovar, Jan"]
[Black "Beran, Petr"]
[Result "1/2-1/2"]
[WhiteElo "2225"]
[BlackElo "2200"]
[PlyCount "42"]
[EventDate "2004.??.??"]
[EventType "corr"]
[SourceDate "2004.06.03"]

1. e4 c6 2. d4 d5 3. exd5 cxd5 4. c4 Nf6 5. Nc3 e6 6. Nf3 Bb4 7. Bd3 dxc4 8.
Bxc4 O-O 9. O-O b6 10. Bg5 Bb7 11. Rc1 Nc6 12. a3 Be7 13. Qd3 Rc8 14. Rfd1 Nd5
15. Bxd5 Bxg5 16. Nxg5 Qxg5 17. Be4 f5 18. Bf3 e5 19. Bd5+ Kh8 20. Qg3 Qe7 21.
dxe5 f4 1/2-1/2

[Event "6MCR_4D_1L_3S"]
[Site "?"]
[Date "2004.??.??"]
[Round "?"]
[White "Kovar, Jan"]
[Black "Jandovsky, Viktor"]
[Result "1-0"]
[WhiteElo "2225"]
[BlackElo "2259"]
[PlyCount "85"]
[EventDate "2004.??.??"]
[EventType "corr"]
[SourceDate "2004.06.03"]

1. e4 c5 2. Nf3 d6 3. Bb5+ Nd7 4. d4 Ngf6 5. Nc3 a6 6. Bxd7+ Nxd7 7. O-O e6 8.
Bg5 Qc7 9. Re1 cxd4 10. Qxd4 Ne5 11. Na4 b5 12. Nb6 Rb8 13. Nxc8 Nxf3+ 14. gxf3
Rxc8 15. a4 Qc5 16. Qxc5 Rxc5 17. Be3 Rxc2 18. axb5 axb5 19. Ra8+ Kd7 20. Rea1
g5 21. R1a7+ Rc7 22. Rxc7+ Kxc7 23. Ra7+ Kc6 24. Ra6+ Kd7 25. Ra7+ Kc6 26. Rxf7
h6 27. Ra7 b4 28. b3 Rg8 29. Ra8 d5 30. Bd2 Rh8 31. Bxb4 Bg7 32. Rxh8 Bxh8 33.
exd5+ exd5 34. Bf8 Bf6 35. Kf1 h5 36. Ke2 d4 37. h3 Kd5 38. Bb4 Bd8 39. Kd3 Ke5
40. Bd2 Kd5 41. b4 Bf6 42. Bc1 Bd8 43. b5 1-0

[Event "6MCR_4D_1L_3S"]
[Site "?"]
[Date "2004.??.??"]
[Round "?"]
[White "Kovar, Jan"]
[Black "Janecek, Josef"]
[Result "1/2-1/2"]
[WhiteElo "2225"]
[BlackElo "2195"]
[PlyCount "47"]
[EventDate "2004.??.??"]
[EventType "corr"]
[SourceDate "2004.06.03"]

1. e4 c5 2. Nf3 Nc6 3. Bb5 g6 4. O-O Bg7 5. c3 Nf6 6. Re1 O-O 7. h3 e5 8. a3 a6
9. Bxc6 dxc6 10. d3 Re8 11. Qc2 a5 12. a4 b6 13. Na3 Ba6 14. Nc4 Bxc4 15. dxc4
Qc7 16. Be3 Nd7 17. Rad1 Nf8 18. Rd3 f5 19. Bc1 f4 20. Red1 Rad8 21. Qd2 Bf6
22. Qe2 Ne6 23. Rxd8 Rxd8 24. Rxd8+ 1/2-1/2

[Event "6MCR_4D_1L_3S"]
[Site "?"]
[Date "2004.??.??"]
[Round "?"]
[White "Kovar, Jan"]
[Black "Leiner, Raimund"]
[Result "0-1"]
[WhiteElo "2225"]
[BlackElo "2312"]
[PlyCount "64"]
[EventDate "2004.??.??"]
[EventType "corr"]
[SourceDate "2004.06.03"]

1. e4 c5 2. Nf3 Nc6 3. Bb5 g6 4. O-O Bg7 5. c3 Nf6 6. Re1 O-O 7. h3 a6 8. Bxc6
dxc6 9. d4 cxd4 10. cxd4 c5 11. d5 e6 12. d6 Nd7 13. e5 h6 14. Qc2 b6 15. b3
Bb7 16. Nbd2 f5 17. Bb2 g5 18. Nh2 h5 19. Rad1 g4 20. hxg4 hxg4 21. Qc4 Kf7 22.
Qf4 Rh8 23. Ndf1 Qh4 24. Rd3 Bc6 25. Qg3 Qh6 26. f4 gxf3 27. Nxf3 Rag8 28. Qh2
Qg6 29. Qg3 Qh5 30. Kf2 Bf6 31. exf6 Rxg3 32. Nxg3 Qg4 0-1

[Event "6MCR_4D_1L_3S"]
[Site "?"]
[Date "2004.??.??"]
[Round "?"]
[White "Kovar, Jan"]
[Black "Prchly, Milos"]
[Result "1-0"]
[WhiteElo "2225"]
[BlackElo "2268"]
[PlyCount "131"]
[EventDate "2004.??.??"]
[EventType "corr"]
[SourceDate "2004.06.03"]

1. e4 e5 2. Nf3 Nf6 3. Nc3 Nc6 4. Bb5 Bb4 5. O-O O-O 6. d3 d6 7. Bg5 Bxc3 8.
bxc3 Qe7 9. Re1 Nd8 10. d4 Bg4 11. h3 Bh5 12. g4 Bg6 13. d5 c6 14. Bd3 cxd5 15.
exd5 Rc8 16. c4 b6 17. Nd4 Ne6 18. Nc6 Rxc6 19. Bxf6 Qxf6 20. dxc6 Nd4 21. Re3
Nxc6 22. c3 Nd8 23. a4 Ne6 24. a5 Bxd3 25. Qxd3 Nf4 26. Qe4 Qd8 27. axb6 Qxb6
28. Rb1 Qc5 29. Rb5 Qa3 30. Qb1 Qa6 31. Rb8 Qxc4 32. Qb7 f6 33. Qa8 Rxb8 34.
Qxb8+ Kf7 35. Qxd6 h6 36. Qd1 a5 37. Qf3 Qa2 38. Kh2 Qb3 39. Re1 a4 40. Re4 Nd5
41. Qd3 a3 42. Rc4 Qb5 43. Qe4 Qd7 44. Ra4 Nxc3 45. Qc4+ Kg6 46. Rxa3 Nb5 47.
Qe4+ Kf7 48. Qc4+ Kg6 49. Qc2+ Kf7 50. Ra6 Qd4 51. Kg1 Qb4 52. Ra1 Nd4 53. Ra7+
Kg8 54. Ra8+ Kf7 55. Ra7+ Kg8 56. Ra8+ Kf7 57. Qc7+ Kg6 58. Ra7 Qe1+ 59. Kg2
Qe4+ 60. Kh2 Qf4+ 61. Kg1 Kg5 62. Qxg7+ Kh4 63. Ra3 Qg5 64. Qf7 f5 65. Rg3 e4
66. Qd5 1-0

[Event "6MCR_4D_1L_3S"]
[Site "?"]
[Date "2004.??.??"]
[Round "?"]
[White "Kovar, Jan"]
[Black "Skalicky, Frantisek"]
[Result "1-0"]
[WhiteElo "2225"]
[BlackElo "2278"]
[PlyCount "115"]
[EventDate "2004.??.??"]
[EventType "corr"]
[SourceDate "2004.06.03"]

1. e4 c5 2. Nf3 Nc6 3. Bb5 g6 4. O-O Bg7 5. c3 e5 6. d4 cxd4 7. cxd4 exd4 8.
Bf4 a6 9. Ba4 b5 10. Bb3 d6 11. a4 b4 12. Nbd2 Be6 13. Rc1 Nge7 14. Bxe6 fxe6
15. Ng5 Qd7 16. Qb3 Nd8 17. Nc4 Nc8 18. Bxd6 h6 19. Nf3 Nxd6 20. Nb6 Qb7 21.
Nxa8 Qxa8 22. Qxb4 Nxe4 23. Rc7 Bf6 24. Ne5 Qd5 25. Nxg6 Qd6 26. Qxd6 Nxd6 27.
Nxh8 Bxh8 28. Rd1 Bf6 29. f4 Nf5 30. Ra7 Ne3 31. Rd3 Nd5 32. Rg3 Kf8 33. Rxa6
Nxf4 34. Rf3 Nd5 35. Rxf6+ Nxf6 36. Rd6 Ke7 37. Rxd4 Nc6 38. Rc4 Kd6 39. Rf4
Ke5 40. Rf3 h5 41. Ra3 Kd4 42. a5 Kc5 43. Kf2 Ne4+ 44. Ke2 Kb5 45. a6 Kb6 46.
Ke3 Nc5 47. Kf4 Nxa6 48. Kg5 Nc7 49. Kxh5 Kc5 50. h4 Nb5 51. Ra1 Nd6 52. Kg6
Kd5 53. h5 Ne5+ 54. Kg7 Nf5+ 55. Kf6 Ne3 56. g3 N3g4+ 57. Kg5 Nf7+ 58. Kxg4 1-0

[Event "6MCR_4D_1L_3S"]
[Site "?"]
[Date "2004.??.??"]
[Round "?"]
[White "Kuta, Miroslav"]
[Black "Beran, Petr"]
[Result "1/2-1/2"]
[WhiteElo "2223"]
[BlackElo "2200"]
[PlyCount "51"]
[EventDate "2004.??.??"]
[EventType "corr"]
[SourceDate "2004.06.03"]

1. d4 Nf6 2. c4 g6 3. Nc3 Bg7 4. e4 d6 5. Nf3 O-O 6. Be2 e5 7. O-O Nc6 8. d5
Ne7 9. b4 Nh5 10. Re1 f5 11. Ng5 Nf6 12. Bf3 c6 13. Be3 cxd5 14. cxd5 h6 15.
Ne6 Bxe6 16. dxe6 fxe4 17. Nxe4 Nxe4 18. Bxe4 d5 19. Bc2 b6 20. Qg4 e4 21. Rad1
Qc7 22. Bb3 Rf5 23. Re2 h5 24. Qh4 Bf6 25. Qg3 Be5 26. Qh4 1/2-1/2

[Event "6MCR_4D_1L_3S"]
[Site "?"]
[Date "2004.??.??"]
[Round "?"]
[White "Kuta, Miroslav"]
[Black "Jandovsky, Viktor"]
[Result "1/2-1/2"]
[WhiteElo "2223"]
[BlackElo "2259"]
[PlyCount "74"]
[EventDate "2004.??.??"]
[EventType "corr"]
[SourceDate "2004.06.03"]

1. d4 Nf6 2. c4 g6 3. Nc3 Bg7 4. e4 d6 5. Nf3 O-O 6. Be2 e5 7. O-O Nc6 8. d5
Ne7 9. b4 Nh5 10. Re1 f5 11. Ng5 Nf6 12. Bf3 c6 13. Be3 h6 14. Ne6 Bxe6 15.
dxe6 fxe4 16. Nxe4 Nxe4 17. Bxe4 d5 18. cxd5 cxd5 19. Bc2 b6 20. Qg4 e4 21.
Rad1 Qc7 22. Bb3 Rad8 23. Re2 Qd6 24. b5 Rf5 25. Rc2 Kh7 26. Rc4 h5 27. Qe2 Qb8
28. Ra4 Be5 29. h3 Bd6 30. Bd4 Rdf8 31. Qe1 g5 32. Qe2 Kh6 33. Rd2 Bc5 34. Qe3
h4 35. Bxc5 bxc5 36. Qxc5 e3 37. Qxe7 exf2+ 1/2-1/2

[Event "6MCR_4D_1L_3S"]
[Site "?"]
[Date "2004.??.??"]
[Round "?"]
[White "Kuta, Miroslav"]
[Black "Janecek, Josef"]
[Result "1/2-1/2"]
[WhiteElo "2223"]
[BlackElo "2195"]
[PlyCount "83"]
[EventDate "2004.??.??"]
[EventType "corr"]
[SourceDate "2004.06.03"]

1. d4 Nf6 2. c4 g6 3. Nc3 d5 4. cxd5 Nxd5 5. e4 Nxc3 6. bxc3 c5 7. Nf3 Bg7 8.
Rb1 O-O 9. Be2 cxd4 10. cxd4 Qa5+ 11. Bd2 Qxa2 12. O-O Bg4 13. Bg5 h6 14. Be3
b6 15. Qd3 Rc8 16. h3 Bd7 17. Bd2 b5 18. Qe3 a6 19. Bd3 Be8 20. Rfd1 Qe6 21. d5
Qd7 22. Ba5 Qb7 23. Bb6 Nd7 24. Bd4 Nf6 25. Ne5 a5 26. Be2 b4 27. Nc4 Nd7 28.
Bxg7 Kxg7 29. d6 Qa7 30. Qf4 e6 31. h4 Qc5 32. Qd2 Rd8 33. Rbc1 a4 34. Ne3 Qa5
35. Nc4 Qb5 36. Ne3 Qb6 37. Rc4 b3 38. Rb4 Qa5 39. Bb5 Ne5 40. Qd4 Kg8 41. Qxe5
Qxb4 42. Ng4 1/2-1/2

[Event "6MCR_4D_1L_3S"]
[Site "?"]
[Date "2004.??.??"]
[Round "?"]
[White "Kuta, Miroslav"]
[Black "Kovar, Jan"]
[Result "1/2-1/2"]
[WhiteElo "2223"]
[BlackElo "2225"]
[PlyCount "57"]
[EventDate "2004.??.??"]
[EventType "corr"]
[SourceDate "2004.06.03"]

1. d4 d5 2. c4 e6 3. Nc3 c6 4. e3 Nf6 5. Nf3 Nbd7 6. Bd3 dxc4 7. Bxc4 b5 8. Bd3
a6 9. e4 c5 10. e5 cxd4 11. Nxb5 Nxe5 12. Nxe5 axb5 13. Bxb5+ Bd7 14. Nxd7 Qa5+
15. Bd2 Qxb5 16. Nxf8 Kxf8 17. b3 Ke7 18. a4 Qd5 19. O-O Rhc8 20. b4 Ne4 21. b5
Rc4 22. b6 Nxd2 23. Qxd2 Rcxa4 24. Rxa4 Rxa4 25. Rb1 Ra8 26. Qc2 Qd6 27. Qxh7
Rb8 28. b7 Qd5 29. Qxg7 1/2-1/2

[Event "6MCR_4D_1L_3S"]
[Site "?"]
[Date "2004.??.??"]
[Round "?"]
[White "Kuta, Miroslav"]
[Black "Leiner, Raimund"]
[Result "1-0"]
[WhiteElo "2223"]
[BlackElo "2312"]
[PlyCount "83"]
[EventDate "2004.??.??"]
[EventType "corr"]
[SourceDate "2004.06.03"]

1. d4 d5 2. c4 c6 3. Nf3 Nf6 4. Nc3 dxc4 5. a4 Bf5 6. Ne5 Nbd7 7. Nxc4 Nb6 8.
Ne5 Nfd7 9. e4 Nxe5 10. exf5 Ned7 11. a5 Nd5 12. Nxd5 cxd5 13. Be2 e6 14. O-O
Bd6 15. fxe6 fxe6 16. Bh5+ g6 17. Bg4 Kf7 18. Qf3+ Nf6 19. Re1 Re8 20. a6 b6
21. Bg5 e5 22. dxe5 Bxe5 23. Bd7 Qxd7 24. Rxe5 Qd6 25. Bxf6 Qxf6 26. Qxd5+ Kg7
27. Qb7+ Qf7 28. f4 Rxe5 29. fxe5 Re8 30. Re1 Re7 31. Qe4 Qe6 32. b4 b5 33. Qd4
Qd7 34. Qxd7 Rxd7 35. Rc1 Kf7 36. Rc6 Ke8 37. Kf2 Kd8 38. Ke3 Rd1 39. Rc5 Ra1
40. Rxb5 Rxa6 41. Ra5 Re6 42. Kd4 1-0

[Event "6MCR_4D_1L_3S"]
[Site "?"]
[Date "2004.??.??"]
[Round "?"]
[White "Kuta, Miroslav"]
[Black "Sedlacek, Tomas"]
[Result "1-0"]
[WhiteElo "2223"]
[BlackElo "2205"]
[PlyCount "117"]
[EventDate "2004.??.??"]
[EventType "corr"]
[SourceDate "2004.06.03"]

1. d4 Nf6 2. c4 c5 3. d5 b5 4. cxb5 a6 5. bxa6 g6 6. Nc3 Bxa6 7. Nf3 d6 8. e4
Bxf1 9. Kxf1 Bg7 10. g3 O-O 11. Kg2 Nbd7 12. h3 Ra6 13. Re1 Qa8 14. Bg5 Rb8 15.
Qc2 Ne8 16. a4 e6 17. dxe6 fxe6 18. b3 Rc6 19. Rab1 Nc7 20. Bd2 Rf8 21. Rbd1 d5
22. Bf4 d4 23. Bxc7 Rxc7 24. Nb5 Rc6 25. Nd2 e5 26. Nc4 Kh8 27. f3 Rf7 28. Rf1
Qf8 29. Ra1 Nb8 30. Nb2 h5 31. Nd3 h4 32. g4 Qe7 33. Qc4 Rf8 34. Na3 Qc7 35.
Rac1 Kh7 36. Rc2 Qe7 37. Qb5 Rfc8 38. a5 Nd7 39. b4 R6c7 40. a6 cxb4 41. Rxc7
Rxc7 42. Nxb4 Rc5 43. Qe2 Nf8 44. Nc4 Ne6 45. Qa2 Nf4+ 46. Kh1 Qa7 47. Na5 Rc8
48. Nac6 Qd7 49. a7 Ra8 50. Qa6 Qe6 51. Nd5 Nxd5 52. exd5 Qxd5 53. Ne7 Qf7 54.
Qb7 Re8 55. a8=Q Rxa8 56. Qxa8 Qxe7 57. Qe4 Qg5 58. Rf2 Qe3 59. Kg2 1-0

[Event "6MCR_4D_1L_3S"]
[Site "?"]
[Date "2004.??.??"]
[Round "?"]
[White "Leiner, Raimund"]
[Black "Beran, Petr"]
[Result "1/2-1/2"]
[WhiteElo "2312"]
[BlackElo "2200"]
[PlyCount "47"]
[EventDate "2004.??.??"]
[EventType "corr"]
[SourceDate "2004.06.03"]

1. e4 c6 2. d4 d5 3. e5 Bf5 4. Ne2 e6 5. Ng3 Bg6 6. h4 h6 7. h5 Bh7 8. c3 c5 9.
Qb3 Qc7 10. Be3 a6 11. Be2 Nd7 12. O-O Ne7 13. Nd2 Nc6 14. f4 Na5 15. Qd1 cxd4
16. Bxd4 Be7 17. Nf3 Nc6 18. Bf2 O-O 19. Bd3 Bxd3 20. Qxd3 Rac8 21. Nd4 Nxd4
22. Bxd4 Bc5 23. Qe3 Rfe8 24. Rae1 1/2-1/2

[Event "6MCR_4D_1L_3S"]
[Site "?"]
[Date "2004.??.??"]
[Round "?"]
[White "Leiner, Raimund"]
[Black "Jandovsky, Viktor"]
[Result "1-0"]
[WhiteElo "2312"]
[BlackElo "2259"]
[PlyCount "67"]
[EventDate "2004.??.??"]
[EventType "corr"]
[SourceDate "2004.06.03"]

1. e4 c5 2. Nf3 d6 3. d4 cxd4 4. Nxd4 Nf6 5. Nc3 a6 6. Be3 e6 7. f3 Nc6 8. Qd2
Be7 9. O-O-O O-O 10. g4 Nxd4 11. Bxd4 b5 12. g5 Nd7 13. h4 Qc7 14. Kb1 b4 15.
Na4 Bb7 16. Qxb4 Bc6 17. Nc3 Rfb8 18. Qc4 Ne5 19. Qe2 Bb5 20. Qf2 Nc6 21. f4
Qa5 22. Qd2 Nxd4 23. Qxd4 Bc6 24. Bc4 Rb4 25. Qd3 Rab8 26. Bb3 Qc5 27. a3 R4b6
28. Qd4 a5 29. Kc1 h6 30. Rhf1 Qxd4 31. Rxd4 hxg5 32. hxg5 e5 33. Rd2 exf4 34.
Rg2 1-0